Statistiques concernant Nommez un état américain valide #2

Cliquez ici pour prendre le quiz!

Statistiques générales

  • Ce quiz a été pris 222 fois
  • Le résultat moyen est 10 sur 20

Statistiques - réponses

Nommez un état américainRéponse(s)% Correct
...avec une population inférieure à 1 000 000 d'habitantsAlaska | Delaware | Dakota du nord | Dakota du sud | Vermont | Wyoming
96%
...qui a accueilli des jeux olympiquesCalifornie | Géorgie | Missouri | New York | Utah
95%
...qui borde le golfe du MexiqueAlabama | Floride | Louisiane | Mississippi | Texas
93%
...qui borde au moins deux provinces canadiennesAlaska | Dakota du Nord | Maine | Montana | Minnesota | New York
73%
...a été nommé d'après un roiCaroline du Nord | Caroline du Sud | Géorgie | Louisiane
65%
...où plus 30% de la population est afro-américaineGeorgie | Louisiane | Maryland | Mississippi
63%
...dont l'altitude moyenne est supérieure à 2000mColorado | Wyoming
56%
...qui n'a pas "state" dans son surnomAlaska | Nouveau Mexique | Virginie
49%
...où sont nés au moins 4 présidents américainMassachusetts | New York | Ohio | Virginie
49%
...qui borde le lac SupérieurMichigan | Minnesota | Wisconsin
49%
...qui borde exactement 2 étatsFloride | Rhode Island | Caroline du Sud | Washington
48%
...où 90% de la population considère la religion comme "très importanteAlabama | Louisiane
43%
...qui a un forme rectangulaire sur une carteColorado | Wyoming
42%
...avec une seul équipe dans un sport majeurOregon | Utah | Oklahoma
38%
...dont le salaire médian des ménages est supérieur à 80 000$Hawaï | Maryland | New Jersey
35%
...dont le taux de fécondité est supérieur à 2,10
(Taux de fécondité Etats-Unis = 1,84)
Alaska | Dakota du Nord | Dakota du Sud | Idaho | Nebraska | Utah
34%
...où la croissance économique est supérieur à 4% (en 2019)Nevada | Nouveau Mexique | Texas | Utah | Virginie occidentale
25%
...dont la capitale finit en -onMassachusetts | Mississippi | New Jersey | Virginie Occidentale | Wisconsin
19%
...avec des émissions de CO2 supérieures à 30 tonnes par habitant par anAlaska | Dakota du Nord | Louisiane | Virginie occidentale | Wyoming
18%
...dont le drapeau contient exactement deux couleursAlabama | Alaska | Caroline du Sud | Indiana | Nouveau Mexique | Oregon
16%

Distribution des résultats

Percentile par nombre de réponses

% des personnes avec chaque résultat

Votre développement - résultats

Vous n’avez pas pris ce quiz